| 000 | 00949nas a2200313 4500 | ||
|---|---|---|---|
| 001 | BR0500207 | ||
| 003 | BR-BrBNA | ||
| 005 | 20231205105057.0 | ||
| 007 | ta | ||
| 008 | 230509b bl.|||p| |||| 00| 00por d | ||
| 040 |
_aBR-BrBNA _bpor _cBiblioteca Nacional de Agricultura |
||
| 041 | _a(Pt) | ||
| 072 | _aF30 | ||
| 100 | 1 | _aLima, Â.A. de | |
| 100 | 1 | _aMiranda, E.G. de | |
| 100 | 1 | _aCampos, L.Z. de O. | |
| 100 | 1 | _aCuznato Júnior, W.H. | |
| 100 | 1 | _aMello, S. da C. | |
| 100 | 1 | _aCamargo, M.S. de | |
| 245 | 1 | _aCompetição das cultivares de alface Vera e Verônica em dois espaçamentos | |
| 650 | _aALFACE | ||
| 650 | _aCOMPETIÇÃO DE VARIEDADE | ||
| 650 | _aESPAÇAMENTO | ||
| 650 | _aCOMPORTAMENTO DE VARIEDADE | ||
| 650 | _aSÃO PAULO | ||
| 773 | 0 |
_tHorticultura Brasileira (Brazil) _xISSN 0102-0536 _g(Apr-Jun 2004), v. 22(2) p. 314-316 _wBR0500207 |
|
| 909 |
_a202311 _bLúcia _c55 _dLúcia Elande |
||
| 942 |
_2AGRIS _n0 _cANA |
||
| 999 |
_c181125 _d181125 |
||